[Event "2BLS 2324 SC Eppingen - TSV Schott Mainz"]
[Site "?"]
[Date "2023.12.02"]
[Round "3.5"]
[White "Schenderowitsch, Michael"]
[Black "Guliyev, Namig"]
[Result "1/2-1/2"]
[WhiteElo "2279"]
[BlackElo "2519"]
[PlyCount "31"]
[EventDate "2023.??.??"]

1. d4 d5 2. c4 dxc4 3. e3 e5 4. Bxc4 exd4 5. exd4 Nf6 6. Nf3 Bd6 7. Qe2+ Qe7 8. Qxe7+ Bxe7 9. Nc3 O-O 10. Bf4 Bd8 11. Ne5 Nbd7 12. O-O Nb6 13. Bb3 Be6 14. Bxe6 fxe6 15. Nd3 Nfd5 16. Bg3 1/2-1/2

[Event "2BLS 2324 SC Eppingen - TSV Schott Mainz"]
[Site "?"]
[Date "2023.12.02"]
[Round "3.6"]
[White "Gibicar, Danijel"]
[Black "Steinacker, Alex"]
[Result "0-1"]
[WhiteElo "2285"]
[BlackElo "2303"]
[PlyCount "74"]
[EventDate "2023.??.??"]

1. e4 g6 2. d4 Bg7 3. Nc3 c6 4. f4 d5 5. e5 Nh6 6. Nf3 f6 7. Bd3 Bg4 8. O-O O-O 9. Be3 e6 10. h3 Bxf3 11. Rxf3 Nf5 12. Bf2 fxe5 13. fxe5 c5 14. dxc5 Nd7 15. Bxf5 gxf5 16. Ne2 Nxe5 17. Rb3 Qe7 18. Nf4 Ng6 19. Qf3 Nxf4 20. Qxf4 e5 21. Re1 Rad8 22. Qb4 Rd7 23. Qa5 d4 24. Rd3 e4 25. Qa4 Rfd8 26. Qc4+ Kh8 27. Ra3 f4 28. Kh1 e3 29. Bg1 f3 30. gxf3 Qh4 31. Qf1 Rf7 32. Bh2 Rxf3 33. Qxf3 Qxe1+ 34. Bg1 Rf8 35. Qg2 Rg8 36. Qh2 Qf1 37. Qg2 e2 0-1

[Event "2BLS 2324 SC Eppingen - TSV Schott Mainz"]
[Site "?"]
[Date "2023.12.02"]
[Round "3.7"]
[White "Gohil, Harry"]
[Black "Mann, Christian"]
[Result "1/2-1/2"]
[WhiteElo "2256"]
[BlackElo "2391"]
[PlyCount "160"]
[EventDate "2023.??.??"]

1. d4 d5 2. Nf3 Nc6 3. Bf4 Bg4 4. e3 e6 5. c4 Bb4+ 6. Nc3 Nge7 7. a3 Bxc3+ 8. bxc3 O-O 9. h3 Bxf3 10. Qxf3 Na5 11. cxd5 Nxd5 12. Bd3 c5 13. Qe4 g6 14. Bh6 Re8 15. Qe5 f6 16. Qg3 Kh8 17. c4 Ne7 18. Qh4 Nf5 19. Bxf5 exf5 20. O-O cxd4 21. exd4 Re4 22. Qg3 Rxd4 23. Rfe1 Nxc4 24. Re6 Nd6 25. Rae1 Ne4 26. Qb3 Qd7 27. Qb2 Rd8 28. Be3 Rd5 29. Rxe4 fxe4 30. Qxf6+ Kg8 31. Qc3 b6 32. Kh2 Rd3 33. Qc4+ Qd5 34. Qa4 Qe5+ 35. g3 Qf5 36. Qc4+ Qd5 37. Qa4 Rd7 38. h4 Kg7 39. Bf4 Rd4 40. Qc2 Rc4 41. Qa2 Kg8 42. Re2 Qe6 43. Bh6 Qf5 44. Qb3 b5 45. Qb2 a6 46. Rd2 Rcc7 47. Bf4 Rxd2 48. Qxd2 Rd7 49. Qc2 Rf7 50. Qc6 Qf6 51. Qxe4 h5 52. Be3 Re7 53. Qa8+ Kh7 54. Qd8 Re6 55. Qd7+ Qe7 56. Qd5 Qd6 57. Qf3 Re7 58. Bc1 Qe5 59. Qf8 Rg7 60. Bh6 Rd7 61. Bf4 Qf5 62. Qa8 Qe6 63. Be3 Qd6 64. Qe8 Rg7 65. Bc1 Qe7 66. Qc8 Rf7 67. Be3 Qxa3 68. Bd4 Qf8 69. Qxa6 b4 70. Qb6 Rf5 71. Qb7+ Kg8 72. Kg2 Ra5 73. Qb6 Qa8+ 74. f3 Ra2+ 75. Bf2 Qa6 76. Qd8+ Kf7 77. Qd7+ Kf8 78. Qd8+ Kf7 79. Qd7+ Kf6 80. Qd4+ Kf7 1/2-1/2

[Event "2BLS 2324 SC Eppingen - TSV Schott Mainz"]
[Site "?"]
[Date "2023.12.02"]
[Round "3.8"]
[White "Cofmann, Veaceslav"]
[Black "Metzdorf, Matteo"]
[Result "1/2-1/2"]
[WhiteElo "2210"]
[BlackElo "2046"]
[PlyCount "151"]
[EventDate "2023.??.??"]

1. d4 Nf6 2. c4 e6 3. Nf3 d5 4. Nbd2 Be7 5. Qc2 O-O 6. e4 dxe4 7. Nxe4 Nc6 8. Be3 Nxe4 9. Qxe4 f5 10. Qd3 Bf6 11. O-O-O e5 12. dxe5 Qxd3 13. Bxd3 Nxe5 14. Nxe5 Bxe5 15. Rhe1 Kf7 16. Bc2 Be6 17. Kb1 Bf6 18. Bf4 Rfd8 19. c5 c6 20. Bd6 Re8 21. Re3 g6 22. Bb3 Rad8 23. Rxe6 Rxe6 24. Rd3 b5 25. Bxe6+ Kxe6 26. b4 a6 27. Kc2 Kf7 28. Ra3 Ra8 29. Bc7 Ra7 30. Bb6 Ra8 31. Kd1 Be5 32. Rd3 h5 33. g3 Ke7 34. f4 Bf6 35. Rd6 Rc8 36. Kc2 Kf7 37. Rd7+ Ke6 38. Ra7 Kd5 39. Kd3 h4 40. gxh4 Bxh4 41. Rg7 Ke6 42. Rxg6+ Bf6 43. Rg2 Rh8 44. Re2+ Kd5 45. Bc7 Bd4 46. Kc2 Rh5 47. Kd1 Kc4 48. Be5 Bg1 49. Rg2 Bxh2 50. Rg6 Kxb4 51. Rxc6 Bg1 52. Bd6 Kc4 53. Rxa6 Bxc5 54. Bxc5 Kxc5 55. Ke2 Kd4 56. Ra5 Ke4 57. Rxb5 Rh2+ 58. Kf1 Rxa2 59. Rb3 Kxf4 60. Rb4+ Kg3 61. Rb3+ Kg4 62. Rc3 Rb2 63. Ra3 Rh2 64. Kg1 Rd2 65. Kf1 Rc2 66. Rb3 Rc4 67. Kg2 Rc8 68. Kf2 Re8 69. Rb4+ f4 70. Rb7 Rc8 71. Rf7 Rc5 72. Rg7+ Kf5 73. Rf7+ Ke4 74. Ra7 Re5 75. Rf7 Rf5 76. Rxf5 1/2-1/2

[Event "2BLS 2324 OSG Baden-Baden II - SV 1920 H"]
[Site "?"]
[Date "2023.12.02"]
[Round "3.1"]
[White "Bosiocic, Marin"]
[Black "Gozzoli, Yannick"]
[Result "0-1"]
[WhiteElo "2545"]
[BlackElo "2575"]
[PlyCount "74"]
[EventDate "2023.??.??"]

1. e4 e5 2. Nf3 Nc6 3. Bb5 a6 4. Ba4 Nge7 5. c3 f6 6. d4 d5 7. exd5 Qxd5 8. Bb3 Qe4+ 9. Be3 Nd5 10. Qe2 exd4 11. Nbd2 Qe6 12. cxd4 Na5 13. Bxd5 Qxd5 14. Bf4+ Kf7 15. Bxc7 Bd7 16. Qe4 Qxe4+ 17. Nxe4 Bb4+ 18. Kf1 Nc4 19. b3 Rhc8 20. bxc4 Rxc7 21. c5 b6 22. a3 Ba5 23. Rc1 Bb5+ 24. Kg1 Rd8 25. h4 Bd3 26. Neg5+ fxg5 27. Ne5+ Kg8 28. Nxd3 Rxd4 29. Rh3 g4 30. Rg3 bxc5 31. Ne5 Bd2 32. Rb1 h5 33. Rgb3 c4 34. Rb8+ Kh7 35. Re8 Re4 36. f3 gxf3 37. gxf3 Re3 0-1

[Event "2BLS 2324 OSG Baden-Baden II - SV 1920 H"]
[Site "?"]
[Date "2023.12.02"]
[Round "3.2"]
[White "Dann, Matthias"]
[Black "Saric, Ante"]
[Result "0-1"]
[WhiteElo "2475"]
[BlackElo "2503"]
[PlyCount "80"]
[EventDate "2023.??.??"]

1. e4 c5 2. Nf3 e6 3. d4 cxd4 4. Nxd4 Nf6 5. Nc3 Nc6 6. a3 d6 7. Bc4 Be7 8. O-O O-O 9. Re1 a6 10. Bg5 Bd7 11. Bb3 Rc8 12. Nxc6 Bxc6 13. Qd3 d5 14. e5 Ne4 15. Bxe7 Qxe7 16. Nxe4 dxe4 17. Qg3 Rfd8 18. Rad1 Rxd1 19. Rxd1 Rd8 20. Qg4 g6 21. Rxd8+ Qxd8 22. h4 Qd2 23. Qg3 Qc1+ 24. Kh2 Qxb2 25. a4 Qc1 26. Qg5 Qxg5 27. hxg5 h6 28. Kg3 Kg7 29. Kf4 e3 30. Kxe3 Bxg2 31. f4 h5 32. Kf2 Bc6 33. a5 Kf8 34. c4 Ke7 35. Kg3 Kd7 36. Bc2 b6 37. axb6 a5 38. Kh4 a4 39. Kg3 a3 40. Bb3 Be4 0-1

[Event "2BLS 2324 OSG Baden-Baden II - SV 1920 H"]
[Site "?"]
[Date "2023.12.02"]
[Round "3.3"]
[White "Sumets, Andrey"]
[Black "Martin, Julian"]
[Result "1-0"]
[WhiteElo "2516"]
[BlackElo "2423"]
[PlyCount "68"]
[EventDate "2023.??.??"]

1. d4 Nf6 2. Nf3 e6 3. c4 d5 4. e3 Bb4+ 5. Bd2 a5 6. Bd3 O-O 7. O-O Nbd7 8. Qc2 h6 9. Rd1 c6 10. a3 Bd6 11. Nc3 dxc4 12. Bxc4 e5 13. Ba2 Re8 14. Be1 Qe7 15. Nh4 Bb8 16. Nf5 Qd8 17. dxe5 Qc7 18. f4 Ng4 19. Qe2 Nxe3 20. Qxe3 Ba7 21. Rd4 c5 22. Nb5 Qb6 23. Nbd6 Nxe5 24. fxe5 Be6 25. Bxe6 Rxe6 26. Rdd1 Rg6 27. Qf3 Qxb2 28. Bc3 Qc2 29. Rac1 Qa2 30. Ra1 Qc2 31. Ra2 Qb3 32. Rb2 Qe6 33. Rdb1 c4+ 34. Kh1 Bc5 1-0

[Event "2BLS 2324 OSG Baden-Baden II - SV 1920 H"]
[Site "?"]
[Date "2023.12.02"]
[Round "3.4"]
[White "Schmider, Niklas"]
[Black "Shneider, Aleksandr"]
[Result "1-0"]
[WhiteElo "2417"]
[BlackElo "2481"]
[PlyCount "77"]
[EventDate "2023.??.??"]

1. e4 c5 2. Nf3 d6 3. d4 cxd4 4. Nxd4 Nf6 5. Nc3 a6 6. h3 g6 7. Be3 Bg7 8. Qd2 Nc6 9. O-O-O O-O 10. f3 Nxd4 11. Bxd4 b5 12. Nd5 Nxd5 13. exd5 Bxd4 14. Qxd4 e5 15. dxe6 Bxe6 16. h4 Rc8 17. Kb1 Qc7 18. Rd2 Rfd8 19. h5 Qc5 20. hxg6 fxg6 21. Qh4 Rd7 22. Bd3 Bf5 23. Be4 Bxe4 24. Qxe4 Qc4 25. Rd4 Qf7 26. Rhd1 Qf6 27. Qd3 Rc6 28. a4 bxa4 29. Rxa4 d5 30. Rb4 Kg7 31. f4 h5 32. Rd4 Rc8 33. Rd2 Kh6 34. Re2 Rdc7 35. g3 Rc4 36. Rxd5 Rb4 37. Ree5 Qb6 38. b3 Rbc4 39. Rxh5+ 1-0

[Event "2BLS 2324 OSG Baden-Baden II - SV 1920 H"]
[Site "?"]
[Date "2023.12.02"]
[Round "3.5"]
[White "Ginsburg, Gennadi"]
[Black "Bellahcene, Bilel"]
[Result "0-1"]
[WhiteElo "2417"]
[BlackElo "2509"]
[PlyCount "77"]
[EventDate "2023.??.??"]

1. e4 c5 2. Nf3 Nc6 3. d4 cxd4 4. Nxd4 e5 5. Nb5 d6 6. c4 Nf6 7. N1c3 a6 8. Na3 Be7 9. Be2 O-O 10. O-O Nd4 11. Be3 Nxe2+ 12. Qxe2 Be6 13. Rfd1 Rc8 14. Rac1 Qa5 15. Bg5 Rfd8 16. h3 h6 17. Bd2 Qb6 18. Rc2 Qc6 19. Nd5 Bxd5 20. exd5 Qd7 21. b4 Qf5 22. Be3 Nd7 23. Rcc1 b6 24. Nc2 Bg5 25. a4 Qe4 26. Na3 f5 27. Qd3 Qxd3 28. Rxd3 f4 29. Bd2 e4 30. Rb3 Ne5 31. Rc2 Rf8 32. a5 bxa5 33. bxa5 Nd3 34. f3 Bf6 35. fxe4 Bd4+ 36. Kh2 f3 37. gxf3 Rxf3 38. Rcc3 Be5+ 39. Kg2 0-1

[Event "2BLS 2324 OSG Baden-Baden II - SV 1920 H"]
[Site "?"]
[Date "2023.12.02"]
[Round "3.6"]
[White "Trifan, Andrei Ioan"]
[Black "Gurevich, Vladimir"]
[Result "0-1"]
[WhiteElo "2304"]
[BlackElo "2443"]
[PlyCount "54"]
[EventDate "2023.??.??"]

1. Nf3 Nf6 2. c4 c5 3. Nc3 e6 4. g3 b6 5. Bg2 Bb7 6. O-O Be7 7. b3 O-O 8. Bb2 a6 9. Qb1 d6 10. Rd1 Nbd7 11. d4 cxd4 12. Rxd4 Re8 13. h4 Qc7 14. h5 Nxh5 15. Ne4 Nhf6 16. Neg5 h6 17. Nh3 Ne5 18. Nxe5 dxe5 19. Bxb7 Qxb7 20. Rh4 Nd7 21. Rh5 f5 22. Qc1 Nf6 23. Rxh6 gxh6 24. Qxh6 Bd8 25. Bxe5 Qg7 26. Qh4 Ng4 27. Qh5 Bf6 0-1

[Event "2BLS 2324 OSG Baden-Baden II - SV 1920 H"]
[Site "?"]
[Date "2023.12.02"]
[Round "3.7"]
[White "Doric, Darko"]
[Black "Riff, Jean-Noel"]
[Result "1/2-1/2"]
[WhiteElo "2452"]
[BlackElo "2400"]
[PlyCount "117"]
[EventDate "2023.??.??"]

1. d4 e6 2. Nf3 Nf6 3. Bf4 d5 4. e3 Bd6 5. Nbd2 O-O 6. Ne5 c5 7. c3 Qc7 8. Bd3 Nbd7 9. Ndf3 b6 10. h4 Bb7 11. h5 Rad8 12. h6 g6 13. Qe2 c4 14. Bc2 b5 15. a3 a5 16. g4 b4 17. axb4 axb4 18. g5 Ne4 19. Nxd7 Qxd7 20. Bxd6 Nxd6 21. Ne5 Qe7 22. f4 Ra8 23. O-O b3 24. Rxa8 Rxa8 25. Bb1 f5 26. gxf6 Qxf6 27. Qh2 Nf7 28. Nf3 Ra1 29. Kg2 Bc6 30. Rh1 Ra6 31. Nh4 Ra1 32. Bxg6 Rxh1 33. Bxf7+ Kxf7 34. Kxh1 Qxh6 35. Kg2 Be8 36. Qg3 Qg7 37. Qg5 Qxg5+ 38. fxg5 e5 39. Kf3 exd4 40. exd4 Ke6 41. Kg4 Bg6 42. Nf3 Kd7 43. Kf4 Ke6 44. Ne5 Kd6 45. Nf3 Ke6 46. Ne5 Kd6 47. Kf3 Ke6 48. Kf4 Kd6 49. Kf3 Ke6 50. Kg4 Kd6 51. Kf4 Ke6 52. Nc6 Kd6 53. Nb4 Be4 54. Na6 Bg6 55. Nc5 Bc2 56. Kg4 Bg6 57. Kf4 Bc2 58. Nb7+ Ke6 59. Nc5+ 1/2-1/2

[Event "2BLS 2324 OSG Baden-Baden II - SV 1920 H"]
[Site "?"]
[Date "2023.12.02"]
[Round "3.8"]
[White "Breder, Dennis"]
[Black "Womacka, Mathias"]
[Result "1/2-1/2"]
[WhiteElo "2407"]
[BlackElo "2354"]
[PlyCount "69"]
[EventDate "2023.??.??"]

1. e4 c5 2. Nf3 d6 3. Bb5+ Nd7 4. Ba4 Ngf6 5. O-O a6 6. c4 g6 7. Nc3 Bg7 8. d3 O-O 9. h3 Rb8 10. Rb1 Ne8 11. d4 cxd4 12. Nxd4 Ne5 13. b3 Nc7 14. Be3 Ne6 15. f4 Nd7 16. Nxe6 fxe6 17. Bxd7 Bxd7 18. Bd4 Bh6 19. Ne2 Bc6 20. e5 b5 21. c5 dxc5 22. Bxc5 Qxd1 23. Rbxd1 Kg7 24. b4 Rfd8 25. Rxd8 Rxd8 26. Nd4 Bd5 27. a3 Bc4 28. Rf3 Rc8 29. g4 a5 30. Kf2 Bd5 31. g5 axb4 32. Bxb4 Bxf3 33. Kxf3 Kf8 34. Nxe6+ Ke8 35. h4 1/2-1/2

[Event "2BLS 2324 Heilbronner SV - SV 1947 Walld"]
[Site "?"]
[Date "2023.12.02"]
[Round "3.1"]
[White "Aczel, Gergely"]
[Black "Baenziger, Fabian"]
[Result "1/2-1/2"]
[WhiteElo "2496"]
[BlackElo "2412"]
[PlyCount "110"]
[EventDate "2023.??.??"]

1. d4 Nf6 2. c4 e6 3. Nc3 Bb4 4. e3 O-O 5. Bd2 c5 6. a3 Bxc3 7. Bxc3 Ne4 8. Ne2 b6 9. Qc2 Bb7 10. Rd1 Qe7 11. dxc5 bxc5 12. Be5 d5 13. b3 Nc6 14. Bb2 Rad8 15. Nf4 Nf6 16. cxd5 exd5 17. Bxf6 Qxf6 18. Bd3 g5 19. Bxh7+ Kh8 20. Ne2 d4 21. O-O dxe3 22. Rxd8 exf2+ 23. Rxf2 Qxd8 24. Be4 Qe7 25. Bxc6 Bxc6 26. b4 Rd8 27. Ng3 Kg8 28. h3 Qe1+ 29. Nf1 Rd5 30. bxc5 Qe5 31. Qc4 Qe7 32. Rc2 Rd1 33. Rf2 Rd5 34. Kh2 Qxc5 35. Qe2 Re5 36. Qd2 Rd5 37. Qb2 Qd6+ 38. Kg1 Rd1 39. a4 Rd4 40. Ne3 Qe5 41. Qc3 Be8 42. Rf5 Rd1+ 43. Nxd1 Qxf5 44. a5 Qb1 45. Qd2 Kh7 46. Kh2 Qb8+ 47. g3 Qe5 48. Nf2 Bb5 49. Qc2+ Kg7 50. Qc1 Bd7 51. Qd2 Bb5 52. Qb4 Bc6 53. Qd2 Bb5 54. Qc1 Bd7 55. Qd2 Bb5 1/2-1/2

[Event "2BLS 2324 Heilbronner SV - SV 1947 Walld"]
[Site "?"]
[Date "2023.12.02"]
[Round "3.2"]
[White "Stijve, Theo"]
[Black "Gschnitzer, Adrian"]
[Result "1/2-1/2"]
[WhiteElo "2334"]
[BlackElo "2418"]
[PlyCount "104"]
[EventDate "2023.??.??"]

1. d4 Nf6 2. Nf3 d5 3. c4 e6 4. Nc3 Be7 5. Bf4 O-O 6. e3 c5 7. dxc5 Na6 8. cxd5 Nxd5 9. Nxd5 exd5 10. Be2 Qa5+ 11. Qd2 Qxd2+ 12. Nxd2 Nxc5 13. Nf3 Bf5 14. O-O Nd3 15. Bxd3 Bxd3 16. Rfd1 Be4 17. Be5 f6 18. Bc3 Bxf3 19. gxf3 Rfd8 20. Rac1 Rac8 21. Ba5 b6 22. Rxc8 Rxc8 23. Bc3 Rd8 24. f4 Kf7 25. Kg2 Ke6 26. Kf3 g6 27. a4 a5 28. Bd4 Bc5 29. Rc1 Bxd4 30. exd4 Kd7 31. f5 Re8 32. Rg1 g5 33. h4 h6 34. hxg5 hxg5 35. Rh1 Re4 36. Rh6 Rf4+ 37. Ke3 Rxf5 38. f3 Rf4 39. Rh8 Rh4 40. Rb8 Kc7 41. Rf8 Rh6 42. Rf7+ Kd8 43. Rb7 f5 44. Rg7 f4+ 45. Kd3 Rh5 46. Rg6 Kc7 47. Rg7+ Kc8 48. Rg6 Kc7 49. Rg7+ Kc8 50. Rg6 Kb7 51. Rg7+ Kc6 52. Rg6+ Kc7 1/2-1/2

[Event "2BLS 2324 Heilbronner SV - SV 1947 Walld"]
[Site "?"]
[Date "2023.12.02"]
[Round "3.3"]
[White "Richter, Nils"]
[Black "Fecker, Noah"]
[Result "1/2-1/2"]
[WhiteElo "2399"]
[BlackElo "2396"]
[PlyCount "57"]
[EventDate "2023.??.??"]

1. c4 e6 2. g3 d5 3. Bg2 Nf6 4. Nf3 dxc4 5. Qa4+ Bd7 6. Qxc4 c5 7. Ne5 Qc8 8. Qd3 Nc6 9. Nxd7 Nxd7 10. O-O Be7 11. Nc3 O-O 12. b3 Rd8 13. Bb2 Bf6 14. Qe4 Nb6 15. Rfd1 Nd5 16. Rac1 Qd7 17. Qb1 Nxc3 18. Bxc3 Bxc3 19. dxc3 Qc7 20. b4 cxb4 21. cxb4 Rxd1+ 22. Rxd1 Rd8 23. Bxc6 bxc6 24. Qc2 Rxd1+ 25. Qxd1 c5 26. bxc5 Qxc5 27. Qd8+ Qf8 28. Qc7 Qa8 29. a4 1/2-1/2

[Event "2BLS 2324 Heilbronner SV - SV 1947 Walld"]
[Site "?"]
[Date "2023.12.02"]
[Round "3.4"]
[White "Zuferi, Enis"]
[Black "Muckle, Julius"]
[Result "1-0"]
[WhiteElo "2373"]
[BlackElo "2401"]
[PlyCount "101"]
[EventDate "2023.??.??"]

1. d4 d5 2. c4 c6 3. Nf3 Nf6 4. g3 Bf5 5. Nc3 e6 6. Nh4 Be4 7. f3 Bg6 8. Qb3 Qb6 9. c5 Qxb3 10. axb3 Bc2 11. b4 h6 12. Ng2 Be7 13. Bf4 O-O 14. e4 dxe4 15. Ne3 Bd3 16. Bxd3 exd3 17. b5 cxb5 18. Bxb8 Rfxb8 19. Nxb5 Rd8 20. Nc4 Ne8 21. Ra4 a6 22. Nb6 Rab8 23. Nc3 Bf6 24. d5 exd5 25. Kd2 Nc7 26. Kxd3 Ne6 27. b4 Nc7 28. Re1 g5 29. Ra2 Kg7 30. Rae2 Kg6 31. Rf1 h5 32. Rfe1 g4 33. fxg4 hxg4 34. Rf1 Bxc3 35. Kxc3 Re8 36. Ref2 Re3+ 37. Kd2 Rf3 38. Rxf3 gxf3 39. Rxf3 Re8 40. Rf4 Re4 41. Rxe4 dxe4 42. Ke3 f5 43. g4 fxg4 44. Kxe4 Ne6 45. Nc4 Ng5+ 46. Kf4 Kh5 47. Na5 Kh4 48. Nxb7 Ne6+ 49. Ke5 Nc7 50. Nd8 Kh3 51. Ne6 1-0

[Event "2BLS 2324 Heilbronner SV - SV 1947 Walld"]
[Site "?"]
[Date "2023.12.02"]
[Round "3.5"]
[White "Faerber, David"]
[Black "Wenninger, Philipp"]
[Result "1-0"]
[WhiteElo "2374"]
[BlackElo "2378"]
[PlyCount "113"]
[EventDate "2023.??.??"]

1. Nf3 Nf6 2. g3 g6 3. b3 Bg7 4. Bb2 d5 5. Bg2 c5 6. c4 d4 7. b4 O-O 8. O-O Re8 9. bxc5 e5 10. d3 Nfd7 11. Ba3 Qc7 12. Nbd2 Nxc5 13. Ng5 h6 14. Nge4 Nba6 15. Rb1 Rb8 16. Nxc5 Nxc5 17. Bxc5 Qxc5 18. Qa4 Bg4 19. Rfe1 Re7 20. Ne4 Qc7 21. Qxa7 b6 22. Qxc7 Rxc7 23. Rb2 Ra7 24. Reb1 Be6 25. Nc5 Bf5 26. Ne4 Bf8 27. Nf6+ Kg7 28. Nd5 Bc5 29. Bf3 Re8 30. g4 Be6 31. Nxb6 Bxb6 32. Rxb6 Rxa2 33. R6b2 Rxb2 34. Rxb2 f5 35. gxf5 gxf5 36. Bc6 Rc8 37. Rb6 Kf7 38. f4 e4 39. Rb7+ Kf6 40. Rb6 Ke7 41. Kf2 e3+ 42. Kf1 Rc7 43. Bf3 Ra7 44. c5 Rc7 45. Rb4 Rxc5 46. Rxd4 Ra5 47. Rb4 Bf7 48. Rb7+ Kf6 49. Rb6+ Kg7 50. Kg2 Rc5 51. Kg3 Ra5 52. Kh4 Ra4 53. Rb5 Kf6 54. Kg3 Ra6 55. Re5 Re6 56. Bd5 Rd6 57. Bxf7 1-0

[Event "2BLS 2324 Heilbronner SV - SV 1947 Walld"]
[Site "?"]
[Date "2023.12.02"]
[Round "3.6"]
[White "Degenhard, Simon"]
[Black "Vonthron, Horst"]
[Result "1/2-1/2"]
[WhiteElo "2216"]
[BlackElo "2351"]
[PlyCount "132"]
[EventDate "2023.??.??"]

1. e4 c5 2. Nf3 d6 3. d4 cxd4 4. Nxd4 Nf6 5. Nc3 a6 6. Be3 e6 7. f3 d5 8. e5 Nfd7 9. f4 Nc6 10. Qd2 Nc5 11. a3 Bd7 12. Be2 Be7 13. O-O O-O 14. b4 Nxd4 15. Bxd4 Na4 16. Nxa4 Bxa4 17. f5 Bg5 18. Qd1 exf5 19. Rxf5 g6 20. Rf2 Rc8 21. Bd3 Qd7 22. Qf3 Qe6 23. Raf1 Bh6 24. Qg3 Bg7 25. Rf6 Qe7 26. c3 Bb5 27. Bxb5 axb5 28. Rb6 Rfe8 29. Qf3 Rc7 30. Re1 Ra8 31. Rxb5 Rxa3 32. Rxd5 h5 33. Qe4 Rc6 34. Rb5 Kh7 35. Rf1 Qd7 36. Rd5 Qe6 37. Rd8 Rc7 38. Rb8 Qe7 39. h3 Ra6 40. Rf3 Re6 41. Re3 Qd7 42. Qh4 Rc8 43. Rxc8 Qxc8 44. Qe1 Qd7 45. Qe2 Kg8 46. Re4 Qa4 47. Kh2 Bf8 48. Qf3 Qd7 49. Qd3 Bg7 50. Qc4 b5 51. Qa2 Qc6 52. Re2 Bh6 53. Qa7 Bf8 54. Re3 Qc8 55. Rf3 Qe8 56. Re3 Qc8 57. Qa2 Qc6 58. Re2 Bh6 59. Qc2 Bg7 60. Qa2 Bh6 61. Kh1 Bg7 62. Re3 Bh6 63. Rf3 Bg7 64. Re3 Bh6 65. Re1 Bg7 66. Qf2 Qe8 1/2-1/2

[Event "2BLS 2324 Heilbronner SV - SV 1947 Walld"]
[Site "?"]
[Date "2023.12.02"]
[Round "3.7"]
[White "Gschnitzer, Oswald"]
[Black "Pogan, Nikolas"]
[Result "1/2-1/2"]
[WhiteElo "2351"]
[BlackElo "2206"]
[PlyCount "48"]
[EventDate "2023.??.??"]

1. Nf3 d5 2. c4 c6 3. e3 Nf6 4. Nc3 g6 5. d4 Bg7 6. Be2 O-O 7. O-O b6 8. b4 Bb7 9. Qb3 Nbd7 10. Bb2 e6 11. Rfd1 a6 12. a4 Qc7 13. cxd5 cxd5 14. Rac1 Qb8 15. Rc2 Rc8 16. Rdc1 Ne8 17. Nd2 Rc7 18. b5 a5 19. Ba3 Qd8 20. Bf3 Rac8 21. Ne2 Ndf6 22. Rxc7 Rxc7 23. Rxc7 Qxc7 24. Qc3 Qb8 1/2-1/2

[Event "2BLS 2324 Heilbronner SV - SV 1947 Walld"]
[Site "?"]
[Date "2023.12.02"]
[Round "3.8"]
[White "Huber, Philipp"]
[Black "Schlegel, Igor"]
[Result "1/2-1/2"]
[WhiteElo "2282"]
[BlackElo "2216"]
[PlyCount "60"]
[EventDate "2023.??.??"]

1. d4 d5 2. Nc3 Nf6 3. Bf4 c5 4. e4 Nxe4 5. Nxe4 dxe4 6. dxc5 Qxd1+ 7. Rxd1 Bd7 8. b4 e6 9. c3 Be7 10. Bd6 b6 11. cxb6 axb6 12. Bc4 Nc6 13. f4 Bxd6 14. Rxd6 Ke7 15. Rd2 Rhc8 16. Bb3 Na7 17. Ne2 Bb5 18. Kf2 f5 19. Rhd1 Bxe2 20. Rd7+ Kf6 21. Kxe2 Nb5 22. R1d6 Nxd6 23. Rxd6 Re8 24. Rxb6 Rab8 25. Ra6 Ra8 26. Rc6 Rac8 27. Ba4 Ra8 28. Bb3 Rac8 29. Ba4 Ra8 30. Bb3 Rac8 1/2-1/2

[Event "2BLS 2324 SF Bad Mergentheim - SC Viernh"]
[Site "?"]
[Date "2023.12.02"]
[Round "3.1"]
[White "Wagner, Dinara"]
[Black "Kazakouski, Valery"]
[Result "0-1"]
[WhiteElo "2452"]
[BlackElo "2586"]
[PlyCount "128"]
[EventDate "2023.??.??"]

1. d4 Nf6 2. c4 c6 3. Nf3 d5 4. e3 Bf5 5. cxd5 cxd5 6. Qb3 Qb6 7. Nc3 Qxb3 8. axb3 Bd7 9. Nb5 Bxb5 10. Bxb5+ Nbd7 11. Bd2 e6 12. O-O Bd6 13. Rfc1 Ke7 14. Bd3 Rhg8 15. b4 g5 16. b5 g4 17. Nh4 Ne4 18. Be1 f5 19. Kf1 Nb6 20. f3 Nf6 21. h3 h5 22. Ra2 Rac8 23. Rxc8 Nxc8 24. b3 Bb8 25. Rc2 Nd6 26. hxg4 hxg4 27. Bg3 gxf3 28. Bxd6+ Bxd6 29. gxf3 Bg3 30. Ng2 Rh8 31. f4 Kd7 32. Ra2 Ne4 33. Rxa7 Kc7 34. Ke2 Kb6 35. Ra1 Rh2 36. Kf3 Bh4 37. Rg1 Nd2+ 38. Ke2 Nxb3 39. Bc2 Na5 40. Kf3 Kxb5 41. Bd3+ Kc6 42. Nxh4 Rxh4 43. Rg6 Kd7 44. Bb5+ Ke7 45. Rg7+ Kf8 46. Rc7 Rh3+ 47. Ke2 Rh2+ 48. Kd1 Rb2 49. Bd7 Rb6 50. Ke2 Ke7 51. Ba4+ Kd8 52. Rd7+ Kc8 53. Re7 Nc6 54. Rg7 Rb2+ 55. Kd1 b5 56. Kc1 Rb4 57. Bd1 Kd8 58. Bh5 Rb3 59. Rg3 Na5 60. Rg8+ Kc7 61. Be2 Rxe3 62. Bxb5 Nb3+ 63. Kd1 Nxd4 64. Rg7+ Kd6 0-1

[Event "2BLS 2324 SF Bad Mergentheim - SC Viernh"]
[Site "?"]
[Date "2023.12.02"]
[Round "3.2"]
[White "Rakotomaharo, Fy Antenaina"]
[Black "Libiszewski, Fabien"]
[Result "1/2-1/2"]
[WhiteElo "2460"]
[BlackElo "2497"]
[PlyCount "30"]
[EventDate "2023.??.??"]

1. e4 e6 2. Qe2 e5 3. Nf3 Nc6 4. Qe3 g6 5. Bc4 Bh6 6. Qe2 Nf6 7. O-O d6 8. d3 Bxc1 9. Rxc1 O-O 10. a3 Nh5 11. Qe3 Bg4 12. Nbd2 Qf6 13. h3 Be6 14. Qh6 Bxc4 15. Nxc4 Nf4 1/2-1/2

[Event "2BLS 2324 SF Bad Mergentheim - SC Viernh"]
[Site "?"]
[Date "2023.12.02"]
[Round "3.3"]
[White "Abergel, Thal"]
[Black "Ikonnikov, Vyacheslav"]
[Result "1/2-1/2"]
[WhiteElo "2392"]
[BlackElo "2471"]
[PlyCount "51"]
[EventDate "2023.??.??"]

1. d4 d5 2. c4 e6 3. Nc3 h6 4. Nf3 Nf6 5. e3 a6 6. Ne5 Bd6 7. Bd2 c5 8. Be2 cxd4 9. exd4 Nc6 10. Nxc6 bxc6 11. O-O O-O 12. Qc2 Bd7 13. Bf3 Qb8 14. g3 Rc8 15. Na4 Qa7 16. b3 Rab8 17. Be3 Re8 18. Rac1 Ba3 19. Rb1 Bd6 20. Rfd1 a5 21. Qc1 Rbd8 22. Bf4 Qb8 23. Bxd6 Qxd6 24. Nc5 Bc8 25. Nd3 Ba6 26. Nc5 1/2-1/2

[Event "2BLS 2324 SF Bad Mergentheim - SC Viernh"]
[Site "?"]
[Date "2023.12.02"]
[Round "3.4"]
[White "Razafindratsima, Timothe"]
[Black "Dobrikov, Marco"]
[Result "1-0"]
[WhiteElo "2441"]
[BlackElo "2262"]
[PlyCount "77"]
[EventDate "2023.??.??"]

1. e4 e5 2. Nf3 Nc6 3. Bb5 Nf6 4. d3 d6 5. c3 Bd7 6. O-O g6 7. Re1 Bg7 8. d4 O-O 9. d5 Ne7 10. Bxd7 Qxd7 11. c4 Nh5 12. Nc3 h6 13. Bd2 a5 14. Rb1 Kh7 15. b3 Nf4 16. Bxf4 exf4 17. e5 dxe5 18. Nxe5 Qd8 19. Qf3 g5 20. Qd3+ Kg8 21. c5 Ra6 22. Rbd1 Ng6 23. Nxg6 Rxg6 24. Nb5 g4 25. Qe4 f3 26. g3 Rg5 27. Qc4 h5 28. d6 cxd6 29. cxd6 h4 30. Re7 hxg3 31. hxg3 Qb6 32. d7 Rc5 33. Qxg4 Qd8 34. Qe4 Bf6 35. Re8 Qb6 36. Nd6 Rh5 37. Rxf8+ Kxf8 38. Qe8+ Kg7 39. Qxf7+ 1-0

[Event "2BLS 2324 SF Bad Mergentheim - SC Viernh"]
[Site "?"]
[Date "2023.12.02"]
[Round "3.6"]
[White "Vlasak, Lukas"]
[Black "Muetsch, Annmarie"]
[Result "1/2-1/2"]
[WhiteElo "2435"]
[BlackElo "2278"]
[PlyCount "115"]
[EventDate "2023.??.??"]

1. d4 d6 2. e4 Nf6 3. Nc3 e5 4. Nge2 Be7 5. g3 c6 6. Bg2 b5 7. a3 O-O 8. O-O Nbd7 9. h3 a5 10. g4 Ba6 11. Ng3 exd4 12. Qxd4 b4 13. Nce2 d5 14. Qd1 Nc5 15. e5 Nfd7 16. Re1 Re8 17. Nd4 Qc7 18. Ngf5 Bf8 19. Bf4 Ne6 20. Bg3 Bc5 21. axb4 axb4 22. c3 bxc3 23. bxc3 Nb6 24. Kh2 Bc4 25. Qd2 Qd7 26. f4 Bf8 27. Ne3 Ba6 28. Ra2 Nc4 29. Nxc4 Bxc4 30. Rxa8 Rxa8 31. f5 Nxd4 32. cxd4 Re8 33. Qf4 Bb4 34. Rh1 Bf8 35. Qf2 Bd3 36. Re1 Bb4 37. Rc1 Be4 38. f6 Bxg2 39. Kxg2 g6 40. Bf4 Bf8 41. Qd2 Rc8 42. Bh6 Qe8 43. Bxf8 Qxf8 44. Rc5 h6 45. Qc3 Qe8 46. Ra5 Qd7 47. Qa3 Qb7 48. e6 Rb8 49. exf7+ Qxf7 50. Ra8 Rf8 51. Rxf8+ Qxf8 52. Qf3 Kf7 53. Qf4 Qd8 54. Qxh6 Qxf6 55. Qh7+ Kf8 56. Qa7 Qe6 57. Kg3 Qe3+ 58. Kg2 1/2-1/2